BIBLIOTECA

SENCICO

Técnicas de dibujo / (Registro nro. 5032)

Detalles MARC
000 -LEADER
fixed length control field 01283nam a22002537a 4500
003 - CONTROL NUMBER IDENTIFIER
control field PE SENCICO BE
005 - DATE AND TIME OF LATEST TRANSACTION
control field 20251020182709.0
008 - FIXED-LENGTH DATA ELEMENTS--GENERAL INFORMATION
fixed length control field 241218b |||||||| |||| 00| 0 eng d
020 ## - INTERNATIONAL STANDARD BOOK NUMBER
International Standard Book Number 9788425226076
040 ## - CATALOGING SOURCE
Original cataloging agency PE SENCICO BE
Transcribing agency PE SENCICO BE
041 ## - LANGUAGE CODE
Language code of text/sound track or separate title spa
082 ## - DEWEY DECIMAL CLASSIFICATION NUMBER
Classification number 741.2
Item number J39
100 1# - MAIN ENTRY--PERSONAL NAME
9 (RLIN) 2763
Personal name Jenny, Peter
Relator term autor
245 1# - TITLE STATEMENT
Title Técnicas de dibujo /
Statement of responsibility, etc. Peter Jenny
250 ## - EDITION STATEMENT
Edition statement [1a ed.]
260 ## - PUBLICATION, DISTRIBUTION, ETC.
Place of publication, distribution, etc. Barcelona :
Name of publisher, distributor, etc. Gustavo Gili ;
Date of publication, distribution, etc. 1999
300 1# - PHYSICAL DESCRIPTION
Extent 166 p. :
Other physical details il. ;
Dimensions 15 cm.
505 0# - FORMATTED CONTENTS NOTE
Formatted contents note Gesticular -- Tocar -- Sentir -- Garabatear -- Moverse -- Diferenciar -- Escribir -- Formar -- Modelar -- Materializar -- Trazar -- Deconstruir -- Abstraer -- Fragmentar -- Imaginar -- Escuchar -- Manchar -- Simbolizar -- Sugerir -- Deformar -- Ocultar -- Exagerar
520 3# - SUMMARY, ETC.
Summary, etc. La obra plantea 22 ejercicios para aplicar a través del dibujo acciones que tradicionalmente pertenecen a los sentidos, el pensamiento y la comunicación. La obra no solo te anima a poner en práctica distintos recursos, sino que te invita a profundizar en el pensamiento visual y a entender el dibujo como una forma de comunicación potente y creativa.
650 10 - SUBJECT ADDED ENTRY--TOPICAL TERM
9 (RLIN) 827
Topical term or geographic name entry element Técnicas de dibujo
650 20 - SUBJECT ADDED ENTRY--TOPICAL TERM
9 (RLIN) 89
Topical term or geographic name entry element Percepción visual
910 ## - USER-OPTION DATA (OCLC)
User-option data hfp
-- hfp
-- hfp
942 ## - ADDED ENTRY ELEMENTS (KOHA)
Source of classification or shelving scheme Dewey Decimal Classification
Koha item type Libros
Existencias
Fecha de la última vez que lo usaron Pago total Signatura topográfica completa Código de barras Precio efectivo desde Tipo de documento Estado perdido Sistema de clasificación Estado dañado No es para préstamo Retirado Ubicación permanente Ubicación actual Fecha de adquisición Fuente de adquisición
18/12/2024   741.2/J39 BibLima24120030 18/12/2024 Libros   Dewey Decimal Classification       Biblioteca Central Lima Biblioteca Central Lima 18/11/2024 Comprado de la librería Cydma Tech